000 00263nam a22000977a 4500
999 _c509189
_d509189
082 _aT19x54
100 _aFirst National City Bank of New York
_94798
245 _aIndia's great adventure
260 _aNew York
_bFirst National City Bank of New York
300 _a22p.